Harry Potter: The Sacred 28 - Statistics

General Stats
  • This quiz has been taken 553 times
  • The average score is 17 of 28
Answer Stats
Answer % Correct
Malfoy
98%
Black
93%
Weasley
93%
Lestrange
84%
Longbottom
78%
Parkinson
70%
Gaunt
69%
Nott
69%
Abbott
67%
Yaxley
65%
Avery
63%
Greengrass
63%
Crouch
61%
Prewett
60%
Bulstrode
58%
Carrow
57%
Rosier
55%
Shacklebolt
54%
Flint
51%
Macmillan
51%
Ollivander
51%
Selwyn
50%
Slughorn
50%
Burke
49%
Travers
47%
Rowle
46%
Fawley
41%
Shafiq
40%
No matching quizzes found
Score Distribution
Percent of People with Each Score
Percentile by Number Answered
Your Score History
You have not taken this quiz